Bytový dom

Saved in:
Bibliographic Details
Main Author: Jurányiová, Karolína (Author)
Other Authors: Hanko, Martin (Thesis advisor)
Format: Manuscript Book
Language:Slovak
Published: 2025
Subjects:
Online Access:http://is.stuba.sk/zp/portal_zp.pl?podrobnosti=192137
CRZP
Tags: Add Tag
No Tags, Be the first to tag this record!

MARC

LEADER 00000ntm a22000003a 4500
001 stuzp104793
003 SK-STU
005 20250724134941.7
007 ta
008 150427s2015----xo-----f-mn---000-0-slo-d
040 |a STU  |b slo 
041 0 |a slo 
100 1 |a Jurányiová, Karolína  |u 010270  |4 aut  |U SvF Stavebná fakulta  |T SvF Katedra technológie stavieb  |X 115720  |U V270  |Y 28  |7 115720 
242 0 1 |a Residential House  |y eng 
245 1 0 |a Bytový dom 
260 |c 2025 
650 4 |a laminátová podlaha  |2 slo 
650 4 |a výstavba  |2 slo 
650 4 |a podložka pod laminátu  |2 slo 
650 4 |a bytový dom  |2 slo 
650 4 |a laminate underlay  |2 eng 
650 4 |a laminate flooring  |2 eng 
650 4 |a residential house  |2 eng 
650 4 |a work schedule  |2 eng 
700 1 |a Hanko, Martin  |u 010270  |k Z1  |4 ths  |U SvF Stavebná fakulta  |T SvF Katedra technológie stavieb  |X 49405  |U V270  |Y 28  |7 A000049405 
856 4 |u http://is.stuba.sk/zp/portal_zp.pl?podrobnosti=192137 
856 4 |u https://opac.crzp.sk/?fn=detailBiblioForm&sid=4013D2F8FE5692F45ACA2B4F6B33  |z CRZP